| 000 | 00739nam a22001937a 4500 | ||
|---|---|---|---|
| 999 |
_c8168 _d8168 |
||
| 003 | AR-CdUCM | ||
| 008 | 190322b ||||| |||| 00| 0 spa d | ||
| 040 |
_aMUNICIPALIDAD PROVINCIAL DEL CUSCO _cBIBLIOTECA MUNICIPAL DEL CUSCO |
||
| 082 |
_a530 / _bT62 |
||
| 100 |
_aTitherington, D. _923042 |
||
| 245 | _aMecánica / | ||
| 260 |
_aMéxico : _bMcgraw-hill publishinh company, _c1969. |
||
| 300 |
_a253 paginas ; _c22 cm. |
||
| 505 | _aContenido :Vectores -- Fuerzas y momentos -- Armaduras simples -- Esfuerzo y deformación unitaria -- Movimiento lineal y angular ... | ||
| 650 |
_aIngeniería mecánica _921446 |
||
| 650 |
_aMecánica automotriz _923043 |
||
| 700 |
_aAbaunza de la Escosura, Antonio y otros _923044 |
||
| 942 |
_2ddc _cLIBROS |
||